1636 1476 1720 1396 1491 1939 1651 1549 1860 1034 1603 1062 1431 1390 1623 1488 1230 1966 1142 1705 1475 1946 1882 1255 1328 1621 1331 1203 1028 1509 1991 1910 1960 1169 1237 1736 1518 1840 1176 1140 1384 1435 1446 1478 1232 1125 1983 1443 1910 1044 1487 1860 1462 1404 1794 1142 1307 1894 1216 1227 1358 1672 1388 1282 1727 1445 1107 1219 1004 1208 1169 1977 1929 1230 1241 1593 1811 1940 1379 1496 1549 1320 1245 1226 1162 1047 1785 1808 1893 1858 1495 1733 1715 1503 1894 1199 1939 1100 1057 BCNSPRNW ULIB Ver.6.0+V

เปลี่ยนเป็นภาษาไทย

Change to English
 แสดงรายละเอียดบรรณานุกรม
  กลับหน้าหลัก

Brief Record : Get Marc (ISO 2709) : E-mail record : QR code < ปิดหน้าต่าง
LEADER : 00000nam 2200000uu 4500
001    13399126067
003     ULIB
008    180524s2560||||th 000 0 tha d
020    ^a9786163982278
060 04 ^aWY152^bศ481ก
100 0  ^aศิริรัตน์ ปานอุทัย,บรรณาธิการ
245 02 ^aการพยาบาลผู้สูงอายุ เล่ม 2 /^cศิริรัตน์ ปานอุทัย,บรรณาธิการ
250    ^aพิมพ์ครั้งที่ 1
260    ^aเชียงใหม่ :^bสมาร์ทโคตติ้ง แอนด์ เซอร์วิส,^c2560.
300    ^a196 หน้า:^c26ซม.
650  7 ^aผู้สูงอายุ^xการพยาบาล
710 2  ^aมหาวิทยาลัยเชียงใหม่. ^bคณะพยาบาลศาสตร์
945    ^p250^l0^i25949
945    ^p250^l0^i25950
945    ^p250^l0^i25951
945    ^p250^l0^i25952
945    ^p250^l0^i25953
945    ^p250^l0^i25954
945    ^p250^l0^i25955
945    ^p250^l0^i25956
945    ^p250^l0^i25957
945    ^p250^l0^i25958
999    ^aกัณชพร
รายการนี้ยังไม่มีแท็ก
คุณยังไม่ได้ล็อกอิน คุณสามารถมีกิจกรรมร่วมกับเว็บไซต์ได้ แต่ต้องล็อกอินก่อน ::
  ล็อกอิน

รายการสื่อสารสนเทศ

ลำดับที่ ประเภท เลขเรียก/บาร์โค้ด สถานที่ สถานะ
1. หนังสือสำรอง
หนังสือสำรอง
WY152 ศ481ก ฉ.1 
  Barcode: 25949
ห้องสมุดวิทยาเขตสวรรค์ประชารักษ์
►หนังสือทั่วไป
บนชั้น
2. วิทยาศาสตร์การแพทย์ และสุขภาพ
วิทยาศาสตร์การแพทย์ และสุขภาพ
WY152 ศ481ก ฉ.10 
  Barcode: 25958
ห้องสมุดวิทยาเขตสวรรค์ประชารักษ์
►หนังสือทั่วไป
บนชั้น
3. วิทยาศาสตร์การแพทย์ และสุขภาพ
วิทยาศาสตร์การแพทย์ และสุขภาพ
WY152 ศ481ก ฉ.2 
  Barcode: 25950
ห้องสมุดวิทยาเขตสวรรค์ประชารักษ์
►หนังสือทั่วไป
บนชั้น
4. วิทยาศาสตร์การแพทย์ และสุขภาพ
วิทยาศาสตร์การแพทย์ และสุขภาพ
WY152 ศ481ก ฉ.3 
  Barcode: 25951
ห้องสมุดวิทยาเขตสวรรค์ประชารักษ์
►หนังสือทั่วไป
บนชั้น
5. วิทยาศาสตร์การแพทย์ และสุขภาพ
วิทยาศาสตร์การแพทย์ และสุขภาพ
WY152 ศ481ก ฉ.4 
  Barcode: 25952
ห้องสมุดวิทยาเขตสวรรค์ประชารักษ์
►หนังสือทั่วไป
บนชั้น
6. วิทยาศาสตร์การแพทย์ และสุขภาพ
วิทยาศาสตร์การแพทย์ และสุขภาพ
WY152 ศ481ก ฉ.5 
  Barcode: 25953
ห้องสมุดวิทยาเขตสวรรค์ประชารักษ์
►หนังสือทั่วไป
บนชั้น
7. วิทยาศาสตร์การแพทย์ และสุขภาพ
วิทยาศาสตร์การแพทย์ และสุขภาพ
WY152 ศ481ก ฉ.6 
  Barcode: 25954
ห้องสมุดวิทยาเขตสวรรค์ประชารักษ์
►หนังสือทั่วไป
บนชั้น
8. วิทยาศาสตร์การแพทย์ และสุขภาพ
วิทยาศาสตร์การแพทย์ และสุขภาพ
WY152 ศ481ก ฉ.7 
  Barcode: 25955
ห้องสมุดวิทยาเขตสวรรค์ประชารักษ์
►หนังสือทั่วไป
บนชั้น
9. วิทยาศาสตร์การแพทย์ และสุขภาพ
วิทยาศาสตร์การแพทย์ และสุขภาพ
WY152 ศ481ก ฉ.8 
  Barcode: 25956
ห้องสมุดวิทยาเขตสวรรค์ประชารักษ์
►หนังสือทั่วไป
บนชั้น
10. วิทยาศาสตร์การแพทย์ และสุขภาพ
วิทยาศาสตร์การแพทย์ และสุขภาพ
WY152 ศ481ก ฉ.9 
  Barcode: 25957
ห้องสมุดวิทยาเขตสวรรค์ประชารักษ์
►หนังสือทั่วไป
บนชั้น

รายการใกล้เคียง
    ผู้แต่ง [ศิริรัตน์ ปานอุทัย,บรรณาธิการ]

BibComment


ยังไม่เคยถูกคอมเมนท์

คอมเมนท์ทรัพยากรรายการนี้
  คอมเมนท์: การพยาบาลผู้สูงอ..


 Copyright 2026. Bcnsprnw @Library